Thermodynamics (Record no. 8344)

000 -LEADER
fixed length control field 00603nam a2200217 i 4500
001 - CONTROL NUMBER
control field 8344
003 - CONTROL NUMBER IDENTIFIER
control field BD-DhUET
008 - FIXED-LENGTH DATA ELEMENTS--GENERAL INFORMATION
fixed length control field 770308s1978 nyua b 001 0 eng
020 ## - INTERNATIONAL STANDARD BOOK NUMBER
International Standard Book Number 0023355301
040 ## - CATALOGING SOURCE
Original cataloging agency DLC
Transcribing agency DLC
Modifying agency BD-DhUET
082 ## - DEWEY DECIMAL CLASSIFICATION NUMBER
Classification number 621.01
Item number FAI/1970
100 ## - MAIN ENTRY--PERSONAL NAME
Personal name Faires, Virgil Moring
245 10 - TITLE STATEMENT
Title Thermodynamics
Statement of responsibility, etc. by Virgil Moring Faires and Clifford Max Simmang
250 ## - EDITION STATEMENT
Edition statement 6th ed.
260 ## - PUBLICATION, DISTRIBUTION, ETC. (IMPRINT)
Place of publication, distribution, etc. New York
Name of publisher, distributor, etc. Macmillan
Date of publication, distribution, etc. 1970
300 ## - PHYSICAL DESCRIPTION
Extent xxiii, 647 p.
Other physical details ill.
Dimensions 26 cm.
504 ## - BIBLIOGRAPHY, ETC. NOTE
Bibliography, etc Includes bibliographies
650 #0 - SUBJECT ADDED ENTRY--TOPICAL TERM
Topical term or geographic name as entry element Thermodynamics
700 ## - ADDED ENTRY--PERSONAL NAME
Personal name Simmang, Clifford Max
942 ## - ADDED ENTRY ELEMENTS (KOHA)
Koha item type General Book
Holdings
Date acquired Location (home branch) Source of classification or shelving scheme Koha normalized classification for sorting Damaged status Not for loan Koha date last seen Withdrawn status Price effective from Piece designation (barcode) Koha full call number Lost status Shelving location Koha item type Sublocation or collection (holding branch) Copy number
2015-01-20Central Library, BUET 621_010000000000000_FAI_1978  2015-01-20 2015-01-2042943621.01/FAI/1978 Circulation sectionGeneral BookCentral Library, BUET1
1985-06-11Central Library, BUET 621_010000000000000_FAI_1970  2024-12-11 2024-12-1163135621.01 FAI/1970 Rental sectionRental ItemCentral Library, BUET৬/ক-১
1985-06-11Central Library, BUET 621_010000000000000_FAI_1970  2024-12-11 2024-12-1163136621.01 FAI/1970 Rental sectionRental ItemCentral Library, BUET৬/ক-২
1985-06-11Central Library, BUET 621_010000000000000_FAI_1970  2024-12-11 2024-12-1163137621.01 FAI/1970 Rental sectionRental ItemCentral Library, BUET৬/ক-৩
1985-06-11Central Library, BUET 621_010000000000000_FAI_1970  2024-12-11 2024-12-1163138621.01 FAI/1970 Rental sectionRental ItemCentral Library, BUET৬/ক-৪
1985-06-11Central Library, BUET 621_010000000000000_FAI_1970  2024-12-11 2024-12-1163139621.01 FAI/1970 Rental sectionRental ItemCentral Library, BUET৬/ক-৫
1985-06-11Central Library, BUET 621_010000000000000_FAI_1970  2024-12-11 2024-12-1163140621.01 FAI/1970 Rental sectionRental ItemCentral Library, BUET৬/ক-৬
1985-06-11Central Library, BUET 621_010000000000000_FAI_1970  2024-12-11 2024-12-1163141621.01 FAI/1970 Rental sectionRental ItemCentral Library, BUET৬/ক-৭
1985-06-11Central Library, BUET 621_010000000000000_FAI_1970  2024-12-11 2024-12-1163142621.01 FAI/1970 Rental sectionRental ItemCentral Library, BUET৬/ক-৮
1985-06-11Central Library, BUET 621_010000000000000_FAI_1970  2024-12-11 2024-12-1163143621.01 FAI/1970 Rental sectionRental ItemCentral Library, BUET৬/ক-৯
1985-06-11Central Library, BUET 621_010000000000000_FAI_1970  2024-12-11 2024-12-1163144621.01 FAI/1970 Rental sectionRental ItemCentral Library, BUET৬/ক-১০
1985-06-11Central Library, BUET 621_010000000000000_FAI_1970  2024-12-11 2024-12-1163145621.01 FAI/1970 Rental sectionRental ItemCentral Library, BUET৬/ক-১১
1985-06-11Central Library, BUET 621_010000000000000_FAI_1970  2024-12-11 2024-12-1163146621.01 FAI/1970 Rental sectionRental ItemCentral Library, BUET৬/ক-১২
1985-06-11Central Library, BUET 621_010000000000000_FAI_1970  2024-12-11 2024-12-1163147621.01 FAI/1970 Rental sectionRental ItemCentral Library, BUET৬/ক-১৩
1985-06-11Central Library, BUET 621_010000000000000_FAI_1970  2024-12-11 2024-12-1163148621.01 FAI/1970 Rental sectionRental ItemCentral Library, BUET৬/ক-১৪
1985-06-11Central Library, BUET 621_010000000000000_FAI_1970  2024-12-11 2024-12-1163149621.01 FAI/1970 Rental sectionRental ItemCentral Library, BUET৬/ক-১৫
1985-06-11Central Library, BUET 621_010000000000000_FAI_1970  2024-12-11 2024-12-1163150621.01 FAI/1970 Rental sectionRental ItemCentral Library, BUET৬/ক-১৬
1985-06-11Central Library, BUET 621_010000000000000_FAI_1970  2024-12-11 2024-12-1163151621.01 FAI/1970 Rental sectionRental ItemCentral Library, BUET৬/ক-১৭
1985-06-11Central Library, BUET 621_010000000000000_FAI_1970  2024-12-11 2024-12-1163152621.01 FAI/1970 Rental sectionRental ItemCentral Library, BUET৬/ক-১৮
1985-06-11Central Library, BUET 621_010000000000000_FAI_1970  2024-12-11 2024-12-1163153621.01 FAI/1970 Rental sectionRental ItemCentral Library, BUET৬/ক-১৯
1985-06-11Central Library, BUET 621_010000000000000_FAI_1970  2024-12-11 2024-12-1163154621.01 FAI/1970 Rental sectionRental ItemCentral Library, BUET৬/ক-২০